Roslyny v narodnych povir`jach

Bibliographic Details
Main Author: R (Author)
Format: Article
Language:Ukrainian
PhysicalDescription:Fotogr.
Subjects:

MARC

LEADER 00000nab a2200000 a 4500
001 vtls000835787
003 SK-MaSNL
005 20260319075155.0
008 160401c2003 xo 0 ukr
015 |a SNBRB2003/05-15485 
035 |a CLN000187442 
040 |a SNKBUCL  |b slo  |c SNKBUCL  |e AACR2 
041 0 |a ukr 
044 |a xo  |c SK 
080 |a 323.15(437.6=875=83)  |2 1997 
080 |a 398.3(437.6=875=83)(048)  |2 1997 
100 0 |a R  |4 aut  |9 636179 
245 1 0 |a Roslyny v narodnych povir`jach  |c [avtor] r 
300 |b Fotogr. 
600 1 7 |a Varcholová, Nadežda,  |d 1950-  |t Roslyny v narodnych povir`jach rusyniv-ukrajinciv Prjašivščyny  |2 snkbucl  |9 862506 
650 0 7 |a Ukrajinci  |z Slovensko  |x povery ľudové  |x recenzie  |2 snkbucl  |9 862507 
650 0 7 |a Rusíni  |z Slovensko  |x povery ľudové  |x recenzie  |2 snkbucl  |9 862508 
650 0 7 |a povery ľudové  |x recenzie  |2 snkbucl  |9 862509 
655 7 |a články z novín a časopisov  |2 snkbucl  |9 267496 
773 0 |t Nove žyttja  |g Roč. 53, č. 5-6 (2003), s. 6 
850 |a Slovenská národná knižnica v Martine 
852 |a SNK  |b KIS3GCP 
958 |a UK 
958 |a SK 
958 |a RN 
958 |a RC 
958 |a RBX 
999 |c 1380608  |d 1382538